Časové rady a ich implementácia v praxi

Trend časových radov. Metóda najmenších štvorcov. Analýza ziskov mobilného operátora O2 prostredníctvom časových radov. Údaje ziskov spoločnosti v porovnaní s trendom.

Na minha lista:
Detalhes bibliográficos
Autor principal: Hajduová, Zuzana, 1974-
Outros Autores: Andrejkovič, Marek, Hodoličová, Jarmilá
Formato: Capítulo de Livro
Idioma:eslovaco
Assuntos:
Tags: Adicionar Tag
Sem tags, seja o primeiro a adicionar uma tag!

MARC

LEADER 00000nla$a2200000$$$4500
001 0145486
005 20240605094107.2
041 0 |a slo 
044 |a SK 
245 1 0 |a Časové rady a ich implementácia v praxi  |c Zuzana Hajduová, Marek Andrejkovič, Jarmilá Hodoličová 
520 |a Trend časových radov. Metóda najmenších štvorcov. Analýza ziskov mobilného operátora O2 prostredníctvom časových radov. Údaje ziskov spoločnosti v porovnaní s trendom. 
610 2 0 |a rady časové 
610 2 0 |a pravdepodobnosť 
610 2 0 |a štatistika matematická 
610 2 0 |a metóda štvorcov najmenších 
610 2 0 |a spoločnosti 
610 2 0 |a operátori 
610 2 0 |a telefón mobilný 
100 1 |a Hajduová, Zuzana, 1974- 
700 1 |a Andrejkovič, Marek 
700 1 |a Hodoličová, Jarmilá